| 000 | 01000nam a2200301Ia 4500 | ||
|---|---|---|---|
| 001 | 1346 | ||
| 003 | IT-RoPAU | ||
| 008 | 130308s9999 xx 000 0 und d | ||
| 040 | _aIT-RoPAU | ||
| 040 | _cIT-RoPAU | ||
| 041 | _aITALIANO | ||
| 100 | _aAlberoni Francesco | ||
| 100 | _gCodice Aut. SPICS: 10027 | ||
| 245 | _aMovimento e istituzione-Teoria generale | ||
| 245 | _bMovimento e Istituzione-Teoria Generale | ||
| 250 | _a2a ed. | ||
| 260 | _aBOLOGNA | ||
| 260 | _bIl Mulino | ||
| 260 | _c1982 [1° Ed.:1977 - Ed.Ling.Originale:1977] | ||
| 300 | _a"560 p. (prefazione: no ; testo: 560)" | ||
| 500 | _aDue Stati del Sociale Stato Nascente Precondizioni Strutturali Esperienza Fondamentale Dinamica Dello Stato Nascente Formazione del gruppo istituzionalizzazione progetto Movimento Civilizzazioni Culturali Tradizione Culturale dell'Occidente | ||
| 650 | _aSOCIOLOGIA | ||
| 650 | _eCodice materia Spics: 3651 | ||
| 942 | _cBK | ||
| 957 | _71 | ||
| 999 |
_c66700 _d66700 |
||
| 999 | _bSI | ||
| 999 | _g1 | ||